Obálka Náhled e-knihy:
PDF Epub
Pro půjčování e-knih musíte být přihlášeni.
Jak si půjčit online?

Havraní kruhy. Plíseň /

Druhá kniha fantasy série inspirované severskou mytologií. Představte si, že jste lovnou zvěří v neznámém světě. Ve světě lidí, který pomalu umírá. Ve světě, odkud pocházíte a kde jste doufali, že konečně naleznete domov...

Uloženo v:
Série:Havraní kruhy, část 2
Hlavní autor: Pettersen, Siri, 1971- (Autor)
Další autoři: Jindřišková, Jitka, 1985- (Autor)
Médium: E-kniha
Jazyk:Czech
Vydáno: Brno : Host - vydavatelství, s.r.o., 2017
Vydání:První vydání
Témata:
Příbuzné jednotky:Z cyklu:: Havraní kruhy
Tagy:
Žádné tagy
LEADER 02554nam a2200457 i 4500
001 310808
003 CZ PrSKC
005 20260601215655.0
007 ta
008 170628s2017 xr g 000 f cze
015 |a cnb002905420 
020 |a 9788075770356  |q (vázáno) 
035 |a (OCoLC)1000516877 
040 |a BOA001  |b cze  |d ABA001  |e rda 
041 1 |a cze  |h nor 
072 7 |a 821.11  |x Germánské literatury  |2 Konspekt 
080 |a 821.113.5-31  |2 MRF 
080 |a (0:82-312.9)  |2 MRF 
100 1 |a Pettersen, Siri,  |d 1971-  |7 mzk2016914498  |4 aut 
240 1 0 |a Råta.  |l Česky 
245 1 0 |a Havraní kruhy.  |p Plíseň /  |c Siri Pettersenová ; z norského originálu Råta ... přeložila Jitka Jindřišková 
246 3 0 |a Plíseň 
250 |a První vydání 
264 1 |a Brno :  |b Host - vydavatelství, s.r.o.,  |c 2017 
300 |a 451 stran ;  |c 22 cm 
336 |a text  |b txt  |2 rdacontent 
337 |a bez média  |b n  |2 rdamedia 
338 |a svazek  |b nc  |2 rdacarrier 
520 2 |a Druhá kniha fantasy série inspirované severskou mytologií. Představte si, že jste lovnou zvěří v neznámém světě. Ve světě lidí, který pomalu umírá. Ve světě, odkud pocházíte a kde jste doufali, že konečně naleznete domov... 
520 2 |a Hirka opustila Ymslandu, aby ji zachránila, a obětovala tak možnost být nablízku Rimemu, přestože po tom touží ze všeho nejvíc. Teď ji místo něj provázejí lovec nemrtvých a slepý. Boj o přežití není ovšem ničím ve srovnání s tím, co přijde, když Hirka pochopí, kým ve skutečnosti je a jakým nástrojem v mocenské hře se má stát. Původce plísně touží po tisíci letech konečně dosáhnout svobody. Svobody, kterou mu může dát pouze Hirka. Nakladatelská anotace. 
655 7 |a norské romány  |7 fd132917  |2 czenas 
655 7 |a fantasy romány  |7 fd184199  |2 czenas 
655 9 |a Norwegian fiction  |2 eczenas 
655 9 |a fantasy novels  |2 eczenas 
700 1 |a Jindřišková, Jitka,  |d 1985-  |7 xx0124831  |4 trl 
787 0 8 |i Z cyklu:  |t Havraní kruhy  |g 2 
900 |a ABA001  |b 21 
044 |a xr 
910 |a RBIT002 
998 |d 174056  |a https://core.palmknihy.cz/api/books/174056/cover?g4wxsj  |b https://core.palmknihy.cz/api/books/174056/cover/400?f7bw55  |c https://core.palmknihy.cz/api/books/174056/cover/50?d6ql97  |e 2028-03-16  |g 456  |i 9788075770356  |j https://core.palmknihy.cz/api/books/174056/preview.epub  |k https://core.palmknihy.cz/api/books/174056/preview.pdf  |l   |q 49  |r 1  |s https://www.palmknihy.cz/kniha/174056  |t ebook  |y 2017  |z 0  |v Havraní kruhy  |w 2 
999 |d 310806